000 00544nam a22001937a 4500
003 CEME
005 20210628202527.0
008 210209b xxu||||| |||| 00| 0 eng d
020 _a0-7668-2137-4
040 _c.
082 _a005.4469 FR
100 _aParkinson, Kent Mckay, Dwight Freeland, Curt
_960355
245 _aSolaris for mamagers and administrators
250 _a3RD
260 _aDENMARK
_bONWORD PRESS
_c2001
300 _aXXIV,773P
650 _aSOLARIS-COMPUTER FILE; OPERATING SYSTEMS-COMPUTER
_960356
942 _cBK
_2ddc
999 _c570099
_d570099